000 00615nam a22001937a 4500
003 OSt
005 20251028013106.0
008 251028b |||||||| |||| 00| 0 eng d
020 _a81-8382-017-4
040 _aDWCL - Main Lib
_cOC
082 _aProf. 332.024 Sa193h 2010
100 _aSamuel, Philip J.
245 _aHow to Use Money /
_cPhilip J. Samuel
260 _aDarya Ganj, New Delhi :
_b Lotus Press,
_cc2010.
300 _a113 pages :
_b llustrations ;
_c21cm.
504 _aIncludes bibliographical references.
650 _a1. Personal Finance - Money Management
942 _2ddc
_cPROF.
_kProf.
_n0
999 _c5191
_d5191